| 000 | 00697nam a22002177a 4500 | ||
|---|---|---|---|
| 005 | 20231205171001.0 | ||
| 010 | _aENG-137770 | ||
| 020 |
_a9789395422185 _c350.00 |
||
| 035 | _aEN-121301 | ||
| 037 | _bDBAD | ||
| 082 |
_a004.67 _22022 |
||
| 100 |
_a Manish Kumar _959537 |
||
| 245 |
_aLot with its Applications/ _cBy Manish Kumar...[et.al] |
||
| 260 |
_c2022 _aTamil nadu _bshanlax publications |
||
| 270 |
_a66 TPK Main Road vasantha nagar madurai- _bTamilnadu _e625003 |
||
| 300 |
_a223p. _c25cm(Pbk) |
||
| 700 |
_akhushboo swarnima _956146 _e2nd author |
||
| 700 |
_aSikha singh _e3rd autor _957841 |
||
| 700 |
_aG. Manikandan _957842 |
||
| 942 |
_2ddc _cEN _h004.67 _mMAN |
||
| 999 |
_c196980 _d196980 |
||